000
00277nam a2200109Ia 4500
008
190906s9999||||xx |||||||||||||| ||und||
100
_a
Tariq Mahmud
245
4
_a
The Book of Shah Abdul Latif
260
_a
Karachi
_b
Shah Abdul Latif Bhitai
_c
2000
300
_a
186
942
_c
BK
999
_c
6111
_d
6111